Build-to-let (Record no. 80069)
[ view plain ]
| 000 -LEADER | |
|---|---|
| fixed length control field | 01139cab a22001935a 4500 |
| 001 - CONTROL NUMBER | |
| control field | L143130 |
| 008 - FIXED-LENGTH DATA ELEMENTS--GENERAL INFORMATION | |
| fixed length control field | 080409s2008 xxk f 000 0 eng d |
| 035 ## - SYSTEM CONTROL NUMBER | |
| System control number | (Sirsi) u143130 |
| 041 0# - LANGUAGE CODE | |
| Language code of text/sound track or separate title | eng |
| 100 1# - MAIN ENTRY--PERSONAL NAME | |
| Personal name | Fletcher, Ian |
| 245 00 - TITLE STATEMENT | |
| Title | Build-to-let |
| Remainder of title | myth or reality? |
| 260 ## - PUBLICATION, DISTRIBUTION, ETC. | |
| Date of publication, distribution, etc. | 2008 |
| 490 ## - SERIES STATEMENT | |
| Series statement | Property Forecast |
| Volume/sequential designation | 11(3) March 2008, 4-14(3) |
| 520 ## - SUMMARY, ETC. | |
| Summary, etc. | Reviews changes in the private rented property sector. Finds that demand in the sector is high. The largest group are those who cannot access social housing and cannot afford to buy privately. Rents have remained affordable as supply has kept pace with demand, driven by buy-to-let landlords. This in turn has encouraged developers. Expresses concerns, based on an RICS figures, that investment activity may be reducing. However developers appear to be interested in building buy-to-let accommodation as well as purpose-built student accommodation. Concludes that the future of the London market depends to a large extent on its workforce. |
| 590 ## - LOCAL NOTE (RLIN) | |
| Local note | KA |
| 651 #4 - SUBJECT ADDED ENTRY--GEOGRAPHIC NAME | |
| Geographic name | United Kingdom |
| Chronological subdivision | |
| 690 ## - LOCAL SUBJECT ADDED ENTRY--TOPICAL TERM (OCLC, RLIN) | |
| Topical term or geographic name as entry element | PROPERTY-RESIDENTIAL PROPERTY-RESIDENTIAL PROPERTY MARKET |
| 942 ## - ADDED ENTRY ELEMENTS (KOHA) | |
| Suppress in OPAC | 0 |
| Withdrawn status | Lost status | Source of classification or shelving scheme | Damaged status | Not for loan | Home library | Current library | Shelving location | Date acquired | Total Checkouts | Full call number | Barcode | Date last seen | Copy number | Price effective from | Koha item type |
|---|---|---|---|---|---|---|---|---|---|---|---|---|---|---|---|
| Dewey Decimal Classification | London | London | Journal article | 09/04/2008 | L143130 | 143130-1001 | 06/08/2019 | 1 | 06/08/2019 | Journal article |